Statistics for Pokemon that start with G

Click here to take the quiz!

General Stats

  • This quiz has been taken 693 times
    (428 since last reset)
  • The average score is 30 of 51

Answer Stats

Gen Answer % Correct
IGolem
86%
IGengar
85%
IGastly
85%
IGraveler
84%
IGeodude
83%
IVGarchomp
79%
IVGabite
77%
IGyarados
76%
IVGible
75%
IIIGroudon
71%
IGoldeen
67%
IGolduck
66%
IVGiratina
63%
IIGligar
63%
IIIGlalie
61%
IGloom
61%
IIIGardevoir
61%
VGarbodor
60%
IIIGrovyle
59%
IGrowlithe
59%
IGolbat
59%
VGolurk
59%
IVGliscor
59%
IVGlaceon
56%
IGrimer
56%
VGolett
56%
IVGallade
56%
IVGrotle
54%
IVGastrodon
54%
VIGreninja
54%
IIIGulpin
53%
VGothita
52%
VIGoodra
52%
VIGoomy
52%
VGothitelle
51%
IIIGrumpig
50%
VGalvantula
50%
IIGranbull
50%
VGothorita
50%
IIGirafarig
49%
VGigalith
48%
VGenesect
47%
VIGogoat
46%
VIGourgeist
45%
IIIGorebyss
44%
VGurdurr
44%
VIIGolisopod
42%
IVGlameow
40%
VIIGrubbin
38%
VIIGuzzlord
37%
VIIGumshoos
33%

Score Distribution

Percentile by Number Answered

Percent of People with Each Score

Your Score History

You have not taken this quiz since the last reset